000 00388nam a2200133Ia 4500
008 220204s9999 xx 000 0 und d
082 _a338.43
_bSUR
100 _aJoshi, P K
245 0 _aPriority setting, monitoring and evaluation in agricultural research
260 _aNew Delhi
_bNational Centre for Agricultural Economics
490 _ac2000
700 _aSuresh, Pal
942 _cBK
999 _c43901
_d43901